Gaming Quiz

Random Gaming or Board Games Quiz

Resources of The Settlers of Catan Quiz Stats

 Plays Quiz Updated Sep 28, 2016

Also try: Settlers of Catan
Challenge
Share
Tweet
Embed
Score 0/5 Timer 00:30
4 Plays Today
Resource % Correct
Lumber
92.7%
Grain
81.7%
Wool
80%
Ore
77.3%
Brick
75.8%

You're not logged in!

Compare scores with friends on all Sporcle quizzes.
Join for Free
OR
Log In

You Might Also Like...

Show Comments

Extras

Top Quizzes Today


Score Distribution

Your Account Isn't Verified!

In order to create a playlist on Sporcle, you need to verify the email address you used during registration. Go to your Sporcle Settings to finish the process.

Report this User

Report this user for behavior that violates our Community Guidelines.

Details: